00351nam a2200133Ia 4500008004100000020001500041041001200056082001600068100001400084245006100098260003400159300000800193650001600201221030s9999 xx 000 0 und d a8185623228 aEnglish a105.23bLaf aR. Lafore 0aObject - Oriented Programming in Turbo C++cby R. Lafore bGalgotia PubaNew Delhic1999 a739 aBE Computer